000 00336nam a2200133 i 4500
001 bg
100 1 _aSTRYSZOWSKI, Stanisław
245 0 _aLaboratorium techniki wysokich napięć /
_cStanisław Stryszowski.
260 _aKielce,
_c1974.
040 _cBPK
041 _apol
942 _cKS
008 s pl f |000 0 pol
999 _c15805
_d15805
856 _uhttp://koha.tu.koszalin.pl/cgi-bin/koha/opac-detail.pl?biblionumber=15805
_yKatalog online BPK